| Tag |
First Indicator |
Second Indicator |
Subfields |
| LEADER |
00000nam a2200000Ia 4500 |
| 001 |
in00004186512 |
| 005 |
20200810073001.0 |
| 006 |
m g d |
| 007 |
cr bn |||a|bb| |
| 008 |
850702s1660 enk o 00| | eng d |
| 035 |
|
|
|a (OCoLC)12225996
|
| 040 |
|
|
|a EAA
|c EAA
|d m/c
|d WaOLN
|
| 037 |
|
|
|a CL0037000004
|b ProQuest Information and Learning. 300 N. Zeeb Rd., Ann Arbor, MI 48106
|
| 043 |
|
|
|a e-uk-en
|
| 049 |
|
|
|a UMIA
|
| 100 |
1 |
|
|a Bradshaw, William,
|d 1571-1618.
|
| 245 |
1 |
0 |
|a Several treatises of worship & ceremonies /
|c by the Reverend Mr. William Bradshaw ...
|
| 260 |
|
|
|a Printed for Cambridge and Oxford :
|b [publisher not identified],
|c 1660.
|
| 300 |
|
|
|a 1 online resource (8 parts.
|
| 336 |
|
|
|a text
|b txt
|2 rdacontent
|
| 337 |
|
|
|a computer
|b c
|2 rdamedia
|
| 338 |
|
|
|a online resource
|b cr
|2 rdacarrier
|
| 500 |
|
|
|a Parts 3-8 each have special t.p.
|
| 500 |
|
|
|a Reproduction of original in Thomason Collection, British Library.
|
| 505 |
0 |
|
|a (from t.p.) 1. A consideration of certain positions archiepiscopal -- 2. A treatise of divine worship, tending to prove the ceremonies imposed on the ministers of the gospel in England, in present controverse, are in their use unlawful (1604) -- 3. A treatise of the nature and use of things indifferent (1605) -- 4. English Puritanism, containing the main opinions of the ridgedest sort of those called Puritans in the realm of England (1604) -- 5. Twelve general arguments, proving the ceremonies unlawful (1605) -- 6. A proposition concerning kneeling in the very act of receiving (1605) -- 7. A protestation of the kings supremacy, made in the name of the afflicted ministers, and op[p]osed to the shameful calumniations of the prelates (1605) -- 8. A short treatise of the cross in baptism (1604).
|
| 510 |
4 |
|
|a Wing
|c B4161
|
| 533 |
|
|
|a Electronic reproduction.
|b Ann Arbor, Mich. :
|c UMI,
|d 1999-
|f (Early English books online)
|n Digital version of: (Early English books, 1641-1700 ; 129:2)
|7 s1999 miun s
|
| 610 |
2 |
0 |
|a Church of England
|v Apologetic works.
|
| 830 |
|
0 |
|a Early English books online.
|
| 856 |
4 |
0 |
|u http://proxy.library.tamu.edu/login?url=https://search.proquest.com/docview/2240970084
|z Connect to the full text of this electronic book
|t 0
|
| 999 |
f |
f |
|s f695c8fa-8d18-3557-9fa2-96ce243fd7c2
|i 25b0eca9-e8eb-3530-9b58-61c0c443b42c
|t 0
|
| 952 |
f |
f |
|a Texas A&M University
|b College Station
|c Electronic Resources
|d Available Online
|t 0
|h No information provided
|
| 998 |
f |
f |
|t 0
|l Available Online
|